[Event "2. Bundesliga Ost 2010/2011"]
[Site "2+3.10.Zwettl,30.10-1.11.Wien,27+28.11.Wien,29+30.
[Date "2010.11.28"]
[Round "7"]
[Board "3"]
[White "Brod, Manfred"]
[Black "Schreiner, Peter"]
[Result "0-1"]
[WhiteElo "2183"]
[BlackElo "2257"]
[PlyCount "122"]
[EventDate "2010.10.02"]
[EventType "team"]
[EventRounds "11"]
[EventCountry "AUT"]
[WhiteTeam "ASVOE SK Mattersburg"]
[BlackTeam "Niederabsdorf"]

1.e4 e5 2.Nf3 Nc6 3.Bc4 Bc5 4.O-O Nf6 5.d4 Bxd4 6.Nxd4 Nxd4 7.f4 d6 8.fxe5 dxe5
9.Bg5 Qe7 10.Na3 Be6 11.c3 Bxc4 12.Bxf6 gxf6 13.Nxc4 Ne6 14.b4 Rg8 15.Ne3 Nf4
16.Kh1 Rd8 17.Qa4+ Qd7 18.Qxd7+ Rxd7 19.Rad1 Rxd1 20.Rxd1 Rg6 21.g3 Nh3 22.Rf1
Ng5 23.Nd5 Nxe4 24.Nxc7+ Kd7 25.Nd5 Kd6 26.c4 b5 27.Ne3 bxc4 28.Nxc4+ Kd5
29.Ne3+ Kd4 30.Nf5+ Kc4 31.a3 Rg8 32.Rc1+ Nc3 33.Nd6+ Kb3 34.Rf1 e4 35.Kg2 e3
36.Rxf6 Rd8 37.Kf1 e2+ 38.Ke1 Kxa3 39.b5 Kb2 40.Nc4+ Kb3 41.Rd6 Re8 42.Nd2+ Kc2
43.Rd7 Re3 44.Nc4 Rf3 45.Nd2 Rf5 46.Re7 Rxb5 47.Nf3 Rb1+ 48.Kf2 Rf1+ 49.Kg2 Kd3
50.Ne5+ Kd2 51.Nc4+ Kd3 52.Ne5+ Kc2 53.Nf3 Rd1 54.Re3 a5 55.Kf2 a4 56.Ne1+ Rxe1
57.Kxe1 a3 58.Re7 a2 59.Ra7 Kb2 60.Rb7+ Ka3 61.Ra7+ Na4 0-1

[Event "2. Bundesliga Ost 2010/2011"]
[Site "2+3.10.Zwettl,30.10-1.11.Wien,27+28.11.Wien,29+30.
[Date "2010.11.28"]
[Round "7"]
[Board "4"]
[White "Hofmann, Thomas"]
[Black "Riedner, Martin"]
[Result "0-1"]
[WhiteElo "2049"]
[BlackElo "2146"]
[PlyCount "110"]
[EventDate "2010.10.02"]
[EventType "team"]
[EventRounds "11"]
[EventCountry "AUT"]
[WhiteTeam "Niederabsdorf"]
[BlackTeam "ASVOE SK Mattersburg"]

1.d4 f5 2.c4 Nf6 3.Nc3 d6 4.Nf3 g6 5.Bf4 Bg7 6.Qd2 h6 7.h4 Be6 8.e3 Na6 9.a3 Ne4
10.Nxe4 fxe4 11.Ng1 c6 12.f3 d5 13.fxe4 dxe4 14.Nh3 c5 15.d5 Bf5 16.Be2 Qd7
17.Nf2 h5 18.Qc2 e6 19.O-O O-O 20.Rfd1 Bf6 21.g3 exd5 22.cxd5 b5 23.d6 c4
24.Bxc4+ bxc4 25.Qxc4+ Kh7 26.Qxa6 Bxb2 27.Rab1 Rab8 28.Rd5 Rb6 29.Qe2 Bxa3
30.Rxb6 axb6 31.Qd2 Bc5 32.Qc3 Be6 33.Rd2 Bf5 34.Rd5 Qf7 35.Re5 Bxd6 36.Nxe4
Bxe5 37.Ng5+ Kg8 38.Qxe5 Qd7 39.Qb2 Qd1+ 40.Kf2 Qc2+ 41.Qxc2 Bxc2 42.Ne6 Re8
43.Nd4 Bd3 44.Ke1 Rc8 45.Kd2 Be4 46.Bd6 Kf7 47.Bb4 Kf6 48.Bc3 Ke7 49.Nb5 Ke6
50.Bd4 Rc2+ 51.Kd1 Rc6 52.Nc3 Bf3+ 53.Kc2 Kf5 54.Kb3 Re6 55.Na4 Bd1+ 0-1

[Event "2. Bundesliga Ost 2010/2011"]
[Site "2+3.10.Zwettl,30.10-1.11.Wien,27+28.11.Wien,29+30.
[Date "2010.11.28"]
[Round "7"]
[Board "5"]
[White "Salamon, Werner"]
[Black "Hansen, Kay"]
[Result "0-1"]
[WhiteElo "2152"]
[BlackElo "2247"]
[PlyCount "70"]
[EventDate "2010.10.02"]
[EventType "team"]
[EventRounds "11"]
[EventCountry "AUT"]
[WhiteTeam "ASVOE SK Mattersburg"]
[BlackTeam "Niederabsdorf"]

1.e4 c6 2.d4 d5 3.exd5 cxd5 4.Bd3 Nf6 5.c3 Bg4 6.Qb3 Qd7 7.h3 Bh5 8.Bf4 Nc6
9.Nd2 e6 10.Ngf3 Bxf3 11.Nxf3 Bd6 12.Bxd6 Qxd6 13.O-O O-O 14.Rae1 a6 15.Ne5 b5
16.f4 g6 17.Qc2 Ra7 18.Qf2 Ne7 19.Qh4 Kg7 20.Ng4 Nfg8 21.Ne5 b4 22.Kh1 bxc3
23.bxc3 Rc7 24.Rb1 Rxc3 25.Rb7 Qa3 26.Bb1 Rc1 27.Rxc1 Qxc1+ 28.Kh2 Rc8 29.Bd3
Qe3 30.Bxa6 Rc1 31.Nf3 Nf5 32.Qg5 h6 33.Rxf7+ Kxf7 34.Qg4 Nf6 35.Ne5+ Qxe5 0-1

[Event "2. Bundesliga Ost 2010/2011"]
[Site "2+3.10.Zwettl,30.10-1.11.Wien,27+28.11.Wien,29+30.
[Date "2010.11.28"]
[Round "7"]
[Board "6"]
[White "Wiedermann, Daniel"]
[Black "Strodl, Joachim"]
[Result "1-0"]
[WhiteElo "2192"]
[BlackElo "2065"]
[PlyCount "73"]
[EventDate "2010.10.02"]
[EventType "team"]
[EventRounds "11"]
[EventCountry "AUT"]
[WhiteTeam "Niederabsdorf"]
[BlackTeam "ASVOE SK Mattersburg"]

1.d4 g6 2.c4 Bg7 3.e4 d6 4.Nc3 e5 5.Nf3 exd4 6.Nxd4 Nc6 7.Be3 Nge7 8.Qd2 a6
9.Be2 Bd7 10.h4 h5 11.f4 Qc8 12.O-O-O Bg4 13.Nf3 b6 14.Nd5 Qb7 15.Ng5 Bxe2
16.Qxe2 b5 17.c5 Rd8 18.Kb1 O-O 19.Nxe7+ Nxe7 20.f5 Qc8 21.g4 hxg4 22.Qxg4 dxc5
23.Bxc5 Rxd1+ 24.Rxd1 Re8 25.Qf3 Nxf5 26.exf5 Qxf5+ 27.Qxf5 gxf5 28.Rd7 f6
29.Nf3 Bh6 30.Bd4 Re6 31.Rxc7 Bf4 32.Rb7 Rc6 33.Bc3 Be3 34.Kc2 Bb6 35.Kd3 a5
36.a3 Rd6+ 37.Bd4 1-0

[Event "2. Bundesliga Ost 2010/2011"]
[Site "2+3.10.Zwettl,30.10-1.11.Wien,27+28.11.Wien,29+30.
[Date "2010.11.28"]
[Round "7"]
[Board "1"]
[White "Zilka, Stepan"]
[Black "Videki, Sandor"]
[Result "1/2-1/2"]
[WhiteElo "2479"]
[BlackElo "2441"]
[PlyCount "43"]
[EventDate "2010.10.02"]
[EventType "team"]
[EventRounds "11"]
[EventCountry "AUT"]
[WhiteTeam "Blackburne Nickelsdorf"]
[BlackTeam "Spg Data Technology Eichgraben/P."]

1.d4 d5 2.c4 e6 3.Nf3 c6 4.e3 Nf6 5.Bd3 dxc4 6.Bxc4 Nbd7 7.O-O Bd6 8.b3 O-O
9.Bb2 Qe7 10.Ne5 Rd8 11.Qe2 c5 12.Nxd7 Nxd7 13.dxc5 Bxc5 14.Rd1 b6 15.Qf3 Rb8
16.Qg3 f6 17.Nc3 Bb7 18.Nb5 Nf8 19.h3 a6 20.Nd4 Kh8 21.a4 Bd6 22.Qg4 1/2-1/2

[Event "2. Bundesliga Ost 2010/2011"]
[Site "2+3.10.Zwettl,30.10-1.11.Wien,27+28.11.Wien,29+30.
[Date "2010.11.28"]
[Round "7"]
[Board "2"]
[White "Ganaus, Hannes"]
[Black "Pinter, Erik"]
[Result "1/2-1/2"]
[WhiteElo "2310"]
[BlackElo "2379"]
[PlyCount "34"]
[EventDate "2010.10.02"]
[EventType "team"]
[EventRounds "11"]
[EventCountry "AUT"]
[WhiteTeam "Spg Data Technology Eichgraben/P."]
[BlackTeam "Blackburne Nickelsdorf"]

1.d4 Nf6 2.c4 g6 3.Nc3 Bg7 4.g3 O-O 5.Bg2 d6 6.Nf3 Nc6 7.O-O a6 8.Bf4 Rb8 9.Rc1
b5 10.cxb5 axb5 11.d5 b4 12.dxc6 bxc3 13.b3 Ba6 14.Be3 Ne4 15.Qd5 Nf6 16.Qd1 Ne4
17.Qd5 Nf6 1/2-1/2

[Event "2. Bundesliga Ost 2010/2011"]
[Site "2+3.10.Zwettl,30.10-1.11.Wien,27+28.11.Wien,29+30.
[Date "2010.11.28"]
[Round "7"]
[Board "3"]
[White "Vlcek, Stanislav"]
[Black "Neumeier, Klaus"]
[Result "0-1"]
[WhiteElo "2257"]
[BlackElo "2374"]
[PlyCount "78"]
[EventDate "2010.10.02"]
[EventType "team"]
[EventRounds "11"]
[EventCountry "AUT"]
[WhiteTeam "Blackburne Nickelsdorf"]
[BlackTeam "Spg Data Technology Eichgraben/P."]

1.c4 g6 2.Nc3 Bg7 3.g3 d6 4.Bg2 e5 5.d3 Nc6 6.Rb1 a5 7.a3 Nf6 8.e3 O-O 9.Nge2
Be6 10.Nd5 Rb8 11.b4 axb4 12.axb4 Ne7 13.Nec3 c6 14.Nxe7+ Qxe7 15.Qb3 Rfc8 16.b5
Nd7 17.Ba3 f5 18.O-O Nb6 19.Bb4 Ra8 20.Ra1 Rxa1 21.Rxa1 e4 22.Ba5 Nd7 23.bxc6
Nc5 24.Qa3 bxc6 25.dxe4 fxe4 26.Bb4 Bxc4 27.Rc1 Nd3 28.Bxd6 Qe8 29.Rb1 Ra8
30.Qxa8 Qxa8 31.Nxe4 Bb5 32.h4 Qa2 33.Rd1 Qc2 34.Rd2 Qb1+ 35.Kh2 Bc4 36.Ng5 Bc3
37.Re2 Nb4 38.Ne4 Be1 39.Nf6+ Kf7 0-1

[Event "2. Bundesliga Ost 2010/2011"]
[Site "2+3.10.Zwettl,30.10-1.11.Wien,27+28.11.Wien,29+30.
[Date "2010.11.28"]
[Round "7"]
[Board "4"]
[White "Weissenbeck, Manuel"]
[Black "Bachofner, Andreas"]
[Result "1-0"]
[WhiteElo "2316"]
[BlackElo "2243"]
[PlyCount "106"]
[EventDate "2010.10.02"]
[EventType "team"]
[EventRounds "11"]
[EventCountry "AUT"]
[WhiteTeam "Spg Data Technology Eichgraben/P."]
[BlackTeam "Blackburne Nickelsdorf"]

1.d4 e6 2.c4 f5 3.Nc3 Nf6 4.Bg5 Be7 5.e3 c6 6.f4 d5 7.Nf3 O-O 8.Be2 Nbd7 9.O-O
h6 10.Bxf6 Bxf6 11.Qc2 a6 12.c5 Kh8 13.b4 g5 14.a4 g4 15.Ne1 Rg8 16.Qd2 Nf8
17.Nc2 Bd7 18.b5 axb5 19.axb5 cxb5 20.Nxb5 Rxa1 21.Rxa1 b6 22.Nd6 Rg7 23.Ra7
bxc5 24.dxc5 Be7 25.Qc3 Kg8 26.Nd4 Bxd6 27.cxd6 g3 28.hxg3 Rxg3 29.Kf2 Rg7 30.g3
Qf6 31.Bh5 e5 32.Nf3 Qxd6 33.Qxe5 Qc5 34.Rc7 Qa5 35.Nd4 Qa1 36.Qxd5+ Kh8 37.Qd6
Qa2+ 38.Be2 Qf7 39.Bc4 Qe8 40.Qxh6+ Nh7 41.Nxf5 Rg6 42.Qh5 Rc6 43.Qxe8+ Bxe8
44.Rxc6 Bxc6 45.Ne7 Be4 46.Bd5 Bd3 47.e4 Kg7 48.Ke3 Bc2 49.g4 Nf6 50.g5 Ng4+
51.Kd4 Kf8 52.Nf5 Nh2 53.g6 Nf3+ 1-0

[Event "2. Bundesliga Ost 2010/2011"]
[Site "2+3.10.Zwettl,30.10-1.11.Wien,27+28.11.Wien,29+30.
[Date "2010.11.28"]
[Round "7"]
[Board "5"]
[White "Steinert, Martin"]
[Black "Pichler, Michael"]
[Result "0-1"]
[WhiteElo "2081"]
[BlackElo "2253"]
[PlyCount "38"]
[EventDate "2010.10.02"]
[EventType "team"]
[EventRounds "11"]
[EventCountry "AUT"]
[WhiteTeam "Blackburne Nickelsdorf"]
[BlackTeam "Spg Data Technology Eichgraben/P."]

1.d4 e6 2.c4 d5 3.Nc3 Nf6 4.Bg5 Nbd7 5.cxd5 exd5 6.Nxd5 Nxd5 7.Bxd8 Bb4+ 8.Qd2
Bxd2+ 9.Kxd2 Kxd8 10.e4 N5f6 11.e5 Nd5 12.Bc4 N7b6 13.Bb3 Be6 14.g3 Ke7 15.Ne2
Rhd8 16.Rac1 c6 17.f4 g6 18.a3 Nc7 19.Bd1 Nc4+ 0-1

[Event "2. Bundesliga Ost 2010/2011"]
[Site "2+3.10.Zwettl,30.10-1.11.Wien,27+28.11.Wien,29+30.
[Date "2010.11.28"]
[Round "7"]
[Board "6"]
[White "Hechl, Gerald"]
[Black "Bachofner, Christian"]
[Result "1-0"]
[WhiteElo "2261"]
[BlackElo "2076"]
[PlyCount "117"]
[EventDate "2010.10.02"]
[EventType "team"]
[EventRounds "11"]
[EventCountry "AUT"]
[WhiteTeam "Spg Data Technology Eichgraben/P."]
[BlackTeam "Blackburne Nickelsdorf"]

1.c4 c6 2.e4 e5 3.Nf3 Qc7 4.Nc3 Nf6 5.Be2 Be7 6.O-O d6 7.d4 Nbd7 8.Qc2 O-O 9.Rd1
Re8 10.b4 b6 11.d5 cxd5 12.Nb5 Qb8 13.cxd5 Bb7 14.Bg5 Rc8 15.Qd3 a6 16.Na3 Qc7
17.Rac1 Qd8 18.Nc4 h6 19.Bh4 g5 20.Bg3 Rc7 21.Nfxe5 Nxe5 22.Bxe5 dxe5 23.d6 Bxd6
24.Nxd6 Rxc1 25.Rxc1 Rb8 26.Nxb7 Qxd3 27.Bxd3 Rxb7 28.f3 Rd7 29.Bxa6 Rd2 30.Rc8+
Kg7 31.Rc7 Rxa2 32.Rxf7+ Kxf7 33.Bc4+ Ke7 34.Bxa2 Kd6 35.Bc4 Nd7 36.Kf2 Nf8
37.Kg3 Ke7 38.Kg4 Kf6 39.Kh5 Kg7 40.h4 gxh4 41.Kxh4 Ng6+ 42.Kg4 Kf6 43.g3 Ne7
44.Bb5 Ng6 45.Be8 Nf8 46.Kh5 Kg7 47.f4 exf4 48.gxf4 Ne6 49.Kg4 Nc7 50.Bd7 Na6
51.b5 Nc5 52.Bc6 Nd3 53.e5 h5+ 54.Kg5 Kf7 55.Be4 Nc5 56.Bd5+ Ke7 57.f5 Nd3
58.f6+ Kf8 59.e6 1-0

[Event "2. Bundesliga Ost 2010/2011"]
[Site "2+3.10.Zwettl,30.10-1.11.Wien,27+28.11.Wien,29+30.
[Date "2011.01.29"]
[Round "8"]
[Board "1"]
[White "Hodisch, Juri"]
[Black "Videki, Sandor"]
[Result "0-1"]
[WhiteElo "2393"]
[BlackElo "2441"]
[PlyCount "117"]
[EventDate "2010.10.02"]
[EventType "team"]
[EventRounds "11"]
[EventCountry "AUT"]
[WhiteTeam "Aljechin/Wieden"]
[BlackTeam "Spg Data Technology Eichgraben/P."]

1.d4 Nf6 2.c4 g6 3.Nc3 Bg7 4.g3 d5 5.cxd5 Nxd5 6.Bg2 Nb6 7.Nf3 Nc6 8.e3 O-O
9.O-O Re8 10.Re1 a5 11.Qe2 Be6 12.Rd1 Bc4 13.Qc2 Nb4 14.Qd2 a4 15.Ne1 c6 16.Nc2
Nd3 17.Na3 Ba6 18.Bf1 Nxc1 19.Bxa6 Rxa6 20.Qxc1 Qc8 21.Ne4 Ra5 22.Nc5 e5 23.Qd2
Qa8 24.Rac1 exd4 25.exd4 Ra7 26.Re1 Rd8 27.Nc2 Nc4 28.Qb4 Nd6 29.Ne3 Nb5 30.d5
Nd4 31.Kf1 b6 32.Nd3 cxd5 33.Red1 Nf3 34.h3 d4 35.Ng2 Qb7 36.Rc2 Raa8 37.Rdc1
Qa6 38.Rd1 Ne5 39.Nge1 Qb7 40.Kg1 Nf3+ 41.Nxf3 Qxf3 42.Qd2 Re8 43.Ne1 Qf5 44.Kh2
Rac8 45.Rxc8 Rxc8 46.Nd3 h5 47.h4 a3 48.bxa3 Rc3 49.a4 Kh7 50.Qe2 Qd7 51.Rb1 Qc6
52.Rb3 Qxa4 53.Rxb6 Rc2 54.Qf3 Qxa2 55.Rb7 Rd2 56.Kg2 Qc4 57.Nf4 d3 58.Nd5 f5
59.Nf6+ 0-1

[Event "2. Bundesliga Ost 2010/2011"]
[Site "2+3.10.Zwettl,30.10-1.11.Wien,27+28.11.Wien,29+30.
[Date "2011.01.29"]
[Round "8"]
[Board "2"]
[White "Ganaus, Hannes"]
[Black "Heiny, Johannes"]
[Result "1/2-1/2"]
[WhiteElo "2310"]
[BlackElo "2263"]
[PlyCount "93"]
[EventDate "2010.10.02"]
[EventType "team"]
[EventRounds "11"]
[EventCountry "AUT"]
[WhiteTeam "Spg Data Technology Eichgraben/P."]
[BlackTeam "Aljechin/Wieden"]

1.d4 Nf6 2.c4 g6 3.Nc3 Bg7 4.Nf3 O-O 5.e4 d6 6.Be2 e5 7.O-O Nc6 8.d5 Ne7 9.Kh1
Ne8 10.Bd2 f5 11.exf5 gxf5 12.Ng5 c6 13.Qb3 Nc7 14.f4 e4 15.Rad1 h6 16.Nh3 b5
17.cxb5 cxd5 18.Be3 Be6 19.Qb4 Bf7 20.Rd2 Rb8 21.Qa5 Rb7 22.Rfd1 Qb8 23.a4 Rd8
24.Bf1 Rd7 25.Ne2 Ne6 26.Nd4 Nc5 27.Qb4 a6 28.Qa3 axb5 29.Bxb5 Rdc7 30.b4 Ne6
31.Nxe6 Bxe6 32.Bd4 Bxd4 33.Rxd4 Rc2 34.Qg3+ Kh7 35.Qh4 Qg8 36.Ng5+ Kg7 37.Nxe6+
Qxe6 38.Qg3+ Qg6 39.Qxg6+ Kxg6 40.Kg1 Kh5 41.R4d2 Rxd2 42.Rxd2 Kg4 43.Rf2 d4
44.Be2+ Kh4 45.g3+ Kh3 46.Bf1+ Kg4 47.Be2+ 1/2-1/2

[Event "2. Bundesliga Ost 2010/2011"]
[Site "2+3.10.Zwettl,30.10-1.11.Wien,27+28.11.Wien,29+30.
[Date "2011.01.29"]
[Round "8"]
[Board "3"]
[White "Groetz, Harald"]
[Black "Neumeier, Klaus"]
[Result "0-1"]
[WhiteElo "2321"]
[BlackElo "2374"]
[PlyCount "70"]
[EventDate "2010.10.02"]
[EventType "team"]
[EventRounds "11"]
[EventCountry "AUT"]
[WhiteTeam "Aljechin/Wieden"]
[BlackTeam "Spg Data Technology Eichgraben/P."]

1.e4 c5 2.Nf3 d6 3.d4 cxd4 4.Nxd4 Nf6 5.Nc3 a6 6.h3 g6 7.g4 Nc6 8.Bg2 Nxd4
9.Qxd4 Bg7 10.g5 Nh5 11.Qd3 Be6 12.Nd5 Rc8 13.c3 Bxd5 14.exd5 Be5 15.O-O Nf4
16.Bxf4 Bxf4 17.Qd4 Be5 18.Qe3 Bg7 19.Rae1 h6 20.h4 hxg5 21.hxg5 Rc4 22.f4 b5
23.Rf2 b4 24.Bf1 Rc5 25.cxb4 Rxd5 26.Qe4 Rd4 27.Qc6+ Kf8 28.a3 e5 29.Bg2 exf4
30.Qxa6 Be5 31.Qa8 Qxa8 32.Bxa8 Rd3 33.Be4 Rg3+ 34.Rg2 Bd4+ 35.Kf1 Rh1+ 0-1

[Event "2. Bundesliga Ost 2010/2011"]
[Site "2+3.10.Zwettl,30.10-1.11.Wien,27+28.11.Wien,29+30.
[Date "2011.01.29"]
[Round "8"]
[Board "4"]
[White "Weissenbeck, Manuel"]
[Black "Schlosser, Michael"]
[Result "0-1"]
[WhiteElo "2316"]
[BlackElo "2331"]
[PlyCount "60"]
[EventDate "2010.10.02"]
[EventType "team"]
[EventRounds "11"]
[EventCountry "AUT"]
[WhiteTeam "Spg Data Technology Eichgraben/P."]
[BlackTeam "Aljechin/Wieden"]

1.d4 Nf6 2.Nf3 g6 3.c4 Bg7 4.Nc3 O-O 5.e4 d6 6.Be2 e5 7.d5 Na6 8.h3 Nh5 9.g4 Nf4
10.Bxf4 exf4 11.Qd2 f5 12.gxf5 gxf5 13.Rg1 Qf6 14.O-O-O Nc5 15.Bd3 Nxd3+ 16.Qxd3
fxe4 17.Qxe4 Bxh3 18.Nd4 Rae8 19.Qh1 Bf5 20.f3 Re3 21.Ne4 Bxe4 22.fxe4 Rg3
23.Qh2 Rxg1 24.Qxg1 f3 25.e5 Qxe5 26.Qf2 Bh6+ 27.Kc2 Be3 28.Qh4 Bxd4 29.Rxd4 f2
30.Rg4+ Kh8 0-1

[Event "2. Bundesliga Ost 2010/2011"]
[Site "2+3.10.Zwettl,30.10-1.11.Wien,27+28.11.Wien,29+30.
[Date "2011.01.29"]
[Round "8"]
[Board "5"]
[White "Albadri, Abd Al Sattar"]
[Black "Pichler, Michael"]
[Result "0-1"]
[WhiteElo "2226"]
[BlackElo "2253"]
[PlyCount "72"]
[EventDate "2010.10.02"]
[EventType "team"]
[EventRounds "11"]
[EventCountry "AUT"]
[WhiteTeam "Aljechin/Wieden"]
[BlackTeam "Spg Data Technology Eichgraben/P."]

1.d4 e6 2.Nf3 Nf6 3.c4 d5 4.Nc3 c6 5.Bg5 Nbd7 6.e3 Qa5 7.cxd5 Nxd5 8.Qd2 N7b6
9.Rc1 h6 10.Bh4 Nxc3 11.bxc3 Nd5 12.Bc4 Ba3 13.Rb1 b5 14.Bxd5 cxd5 15.Rb3 Bd6
16.O-O O-O 17.Rfb1 Bd7 18.Bg3 Be7 19.Ne5 Be8 20.Qe2 Rc8 21.Rc1 a6 22.f3 f6
23.Nd3 Bg6 24.Nf4 Bf7 25.e4 Rfe8 26.Be1 Qc7 27.Bd2 Bd6 28.g3 dxe4 29.fxe4 e5
30.dxe5 Bxe5 31.Rb2 Qc4 32.Qg4 Bxf4 33.Bxf4 Qxe4 34.Rb4 Rc4 35.Rxc4 Bxc4 36.Qd1
Bd5 0-1

[Event "2. Bundesliga Ost 2010/2011"]
[Site "2+3.10.Zwettl,30.10-1.11.Wien,27+28.11.Wien,29+30.
[Date "2011.01.29"]
[Round "8"]
[Board "6"]
[White "Hechl, Gerald"]
[Black "Batyte, Daiva"]
[Result "1/2-1/2"]
[WhiteElo "2261"]
[BlackElo "2167"]
[PlyCount "67"]
[EventDate "2010.10.02"]
[EventType "team"]
[EventRounds "11"]
[EventCountry "AUT"]
[WhiteTeam "Spg Data Technology Eichgraben/P."]
[BlackTeam "Aljechin/Wieden"]

1.c4 c5 2.Nf3 Nf6 3.Nc3 Nc6 4.g3 g6 5.Bg2 Bg7 6.O-O O-O 7.d4 cxd4 8.Nxd4 Nxd4
9.Qxd4 d6 10.Qd3 Rb8 11.e4 b6 12.b3 a6 13.h3 b5 14.c5 dxc5 15.Qxd8 Rxd8 16.Bf4
Rb7 17.e5 Nh5 18.Bxb7 Bxb7 19.Rad1 Re8 20.Kh2 g5 21.Bxg5 Bxe5 22.Nd5 f6 23.Be3
c4 24.bxc4 bxc4 25.Nb6 Bf3 26.Nxc4 Bxd1 27.Rxd1 Bc7 28.Rd7 Rc8 29.Nd2 Kf7 30.Ne4
Ng7 31.Nc5 Nf5 32.Nxa6 Bxg3+ 33.fxg3 Nxe3 34.Nb4 1/2-1/2

[Event "2. Bundesliga Ost 2010/2011"]
[Site "2+3.10.Zwettl,30.10-1.11.Wien,27+28.11.Wien,29+30.
[Date "2011.01.29"]
[Round "8"]
[Board "1"]
[White "Poetz, Florian"]
[Black "Zilka, Stepan"]
[Result "1/2-1/2"]
[WhiteElo "2350"]
[BlackElo "2479"]
[PlyCount "97"]
[EventDate "2010.10.02"]
[EventType "team"]
[EventRounds "11"]
[EventCountry "AUT"]
[WhiteTeam "Niederabsdorf"]
[BlackTeam "Blackburne Nickelsdorf"]

1.e4 c5 2.Nf3 d6 3.d4 cxd4 4.Nxd4 Nf6 5.Nc3 a6 6.Be3 e5 7.Nb3 Be6 8.f3 Be7 9.Qd2
O-O 10.O-O-O Nbd7 11.g4 b5 12.Rg1 Nb6 13.g5 Nfd7 14.f4 Nc4 15.Bxc4 bxc4 16.f5
cxb3 17.fxe6 fxe6 18.cxb3 Rf3 19.Qe2 Rh3 20.Rd3 Nf8 21.Qg2 Rh4 22.Bf2 Rf4 23.Bg3
Ng6 24.h4 Rf8 25.Qh3 Qd7 26.Qg4 Bd8 27.Rgd1 Bc7 28.Kb1 Qe7 29.h5 Nf4 30.Rf3 Ng2
31.Rdf1 Rxf3 32.Qxf3 Nf4 33.Bxf4 Rf8 34.Qg4 Bb6 35.g6 Rxf4 36.Rxf4 exf4 37.Qxf4
hxg6 38.hxg6 Bd4 39.Qh2 Qd7 40.Qh3 Qe8 41.Ne2 Qxg6 42.Nxd4 Qg1+ 43.Kc2 Qxd4
44.Qxe6+ Kh7 45.Qh3+ Kg6 46.Qf5+ Kh6 47.Qh3+ Kg5 48.Qg3+ Kh5 49.Qh3+ 1/2-1/2

[Event "2. Bundesliga Ost 2010/2011"]
[Site "2+3.10.Zwettl,30.10-1.11.Wien,27+28.11.Wien,29+30.
[Date "2011.01.29"]
[Round "8"]
[Board "2"]
[White "Pinter, Erik"]
[Black "Schwarhofer, Christopher"]
[Result "1-0"]
[WhiteElo "2379"]
[BlackElo "2222"]
[PlyCount "101"]
[EventDate "2010.10.02"]
[EventType "team"]
[EventRounds "11"]
[EventCountry "AUT"]
[WhiteTeam "Blackburne Nickelsdorf"]
[BlackTeam "Niederabsdorf"]

1.e4 c5 2.Ne2 d6 3.g3 Nc6 4.Bg2 g6 5.c3 Bg7 6.O-O Nf6 7.d4 O-O 8.h3 Qc7 9.Be3
Nd7 10.d5 Na5 11.Nd2 b5 12.b3 e6 13.Rc1 e5 14.g4 Nb7 15.h4 a5 16.g5 a4 17.b4 Nb6
18.h5 Bd7 19.h6 Bh8 20.Qe1 Rac8 21.a3 Qd8 22.f3 f6 23.Qg3 f5 24.f4 cxb4 25.cxb4
Nc4 26.Nxc4 bxc4 27.Nc3 Qe7 28.Rce1 Nd8 29.Bh3 fxe4 30.Bxd7 Qxd7 31.Nxe4 Rf5
32.Qg2 exf4 33.Bxf4 Nf7 34.Ng3 Rxf4 35.Rxf4 Be5 36.Ne4 Qa7+ 37.Rf2 Bd4 38.Ref1
c3 39.Qh3 Rf8 40.Kh2 Bxf2 41.Rxf2 Nxg5 42.Rxf8+ Kxf8 43.Qxc3 Nf7 44.Qg7+ Ke7
45.Qf6+ Ke8 46.Nxd6+ Nxd6 47.Qh8+ Ke7 48.Qe5+ Kf8 49.Qxd6+ Qe7 50.Qxe7+ Kxe7
51.b5 1-0

[Event "2. Bundesliga Ost 2010/2011"]
[Site "2+3.10.Zwettl,30.10-1.11.Wien,27+28.11.Wien,29+30.
[Date "2011.01.29"]
[Round "8"]
[Board "3"]
[White "Schreiner, Peter"]
[Black "Vlcek, Stanislav"]
[Result "1/2-1/2"]
[WhiteElo "2257"]
[BlackElo "2257"]
[PlyCount "96"]
[EventDate "2010.10.02"]
[EventType "team"]
[EventRounds "11"]
[EventCountry "AUT"]
[WhiteTeam "Niederabsdorf"]
[BlackTeam "Blackburne Nickelsdorf"]

1.d4 Nf6 2.c4 g6 3.Nf3 Bg7 4.g3 O-O 5.Bg2 d6 6.O-O Nbd7 7.Nc3 e5 8.e4 c6 9.h3 a5
10.Be3 a4 11.Qc2 Qa5 12.Rad1 exd4 13.Nxd4 Qb4 14.Nb1 Re8 15.Rfe1 Nc5 16.Bd2 Qb6
17.Bc3 Bd7 18.Nd2 Na6 19.Ne2 Nb4 20.Qb1 Rad8 21.Nf4 Bc8 22.Nf3 Qc5 23.Bd4 Qa5
24.Re3 Na6 25.Bc3 Qc5 26.b4 axb3 27.axb3 Nb4 28.Qb2 Nh5 29.Nxh5 Bxc3 30.Qxc3
gxh5 31.e5 d5 32.Rd4 Bf5 33.Nh4 Bg6 34.cxd5 Qxc3 35.Rxc3 Nxd5 36.Bxd5 Rxd5
37.Rxd5 cxd5 38.f4 Be4 39.Rc7 Rd8 40.Kf2 d4 41.Ke2 Kf8 42.f5 Rd5 43.Rxb7 Rxe5
44.Rb4 d3+ 45.Kd2 Ke7 46.Rd4 Kf6 47.Rd6+ Ke7 48.Rd4 Kf6 1/2-1/2

[Event "2. Bundesliga Ost 2010/2011"]
[Site "2+3.10.Zwettl,30.10-1.11.Wien,27+28.11.Wien,29+30.
[Date "2011.01.29"]
[Round "8"]
[Board "4"]
[White "Bachofner, Andreas"]
[Black "Wolfram, Bernd"]
[Result "0-1"]
[WhiteElo "2243"]
[BlackElo "2186"]
[PlyCount "130"]
[EventDate "2010.10.02"]
[EventType "team"]
[EventRounds "11"]
[EventCountry "AUT"]
[WhiteTeam "Blackburne Nickelsdorf"]
[BlackTeam "Niederabsdorf"]

1.Nf3 g6 2.d4 Bg7 3.e4 d6 4.Be2 Nd7 5.Nc3 h6 6.Be3 c6 7.a4 Qc7 8.Qd2 Ngf6 9.h3
e5 10.Rd1 a6 11.O-O g5 12.dxe5 dxe5 13.h4 g4 14.Ne1 h5 15.Bc4 b5 16.axb5 axb5
17.Bd3 Rb8 18.g3 Nf8 19.f4 gxf3 20.Nxf3 Ng4 21.Be2 Nxe3 22.Qxe3 Qe7 23.Kh2 Ne6
24.Qf2 Nd4 25.Nxd4 exd4 26.Rxd4 b4 27.Na4 Be5 28.Bc4 Rh7 29.Kg2 Rg7 30.Rd3 Kf8
31.Nc5 Bd6 32.Rf3 Bxc5 33.Rxf7+ Rxf7 34.Qxf7+ Qxf7 35.Bxf7 Ke7 36.Bxh5 Be6 37.b3
Rd8 38.Rd1 Rg8 39.Rd3 Bd6 40.Be2 Be5 41.Kh2 c5 42.Re3 Bd4 43.Rd3 Bd7 44.Kg2 Kd6
45.Bf3 Ke5 46.h5 Kf6 47.Rd1 Be6 48.Be2 Be5 49.Rd3 Kg5 50.Bf3 Bd4 51.Rd1 Bg4
52.Bxg4 Kxg4 53.Rh1 Rh8 54.Rh4+ Kg5 55.Kf3 Be5 56.Rg4+ Kxh5 57.Rh4+ Kg6 58.Rxh8
Bxh8 59.Ke3 Be5 60.g4 Kg5 61.Kd3 Kxg4 62.Kc4 Bd4 63.Kd5 Kf4 64.e5 Bxe5 65.Kxc5
Bc3 0-1

[Event "2. Bundesliga Ost 2010/2011"]
[Site "2+3.10.Zwettl,30.10-1.11.Wien,27+28.11.Wien,29+30.
[Date "2011.01.29"]
[Round "8"]
[Board "5"]
[White "Hansen, Kay"]
[Black "Koffler, Daniel"]
[Result "1/2-1/2"]
[WhiteElo "2247"]
[BlackElo "2199"]
[PlyCount "117"]
[EventDate "2010.10.02"]
[EventType "team"]
[EventRounds "11"]
[EventCountry "AUT"]
[WhiteTeam "Niederabsdorf"]
[BlackTeam "Blackburne Nickelsdorf"]

1.d4 g6 2.e4 Bg7 3.Nf3 d6 4.c3 Nf6 5.Nbd2 O-O 6.b3 e5 7.dxe5 dxe5 8.Qc2 Nh5
9.Bb2 Qe7 10.O-O-O a5 11.a4 Na6 12.Nc4 Nc5 13.Ba3 Be6 14.Kb2 Rfe8 15.h3 b6 16.g3
Nf6 17.Nfd2 Bf8 18.f3 Rad8 19.Nb1 Rxd1 20.Qxd1 Rd8 21.Qc2 Nfd7 22.h4 Qf6 23.Nbd2
Nb7 24.Bxf8 Nxf8 25.Be2 Nd7 26.Rf1 Ndc5 27.Ne3 Rxd2 28.Qxd2 Bxb3 29.Nd5 Qd8
30.Qg5 Qxg5 31.hxg5 Bxd5 32.exd5 Nxa4+ 33.Kc2 Nd6 34.Bd3 Kg7 35.Re1 f6 36.f4 Nf7
37.Bb5 Nc5 38.Be8 e4 39.Bxf7 Kxf7 40.Rh1 Kg8 41.gxf6 Nd7 42.f7+ Kg7 43.c4 h5
44.Kc3 Kxf7 45.f5 Nc5 46.Kd4 Kf6 47.fxg6 Kxg6 48.Rb1 Kf5 49.d6 cxd6 50.Rxb6 Ke6
51.Rb8 a4 52.Rh8 Kf5 53.Rg8 Ne6+ 54.Ke3 Nc5 55.Rd8 a3 56.Ra8 Kg4 57.Kf2 Nd3+
58.Ke3 Nc5 59.Kf2 1/2-1/2

[Event "2. Bundesliga Ost 2010/2011"]
[Site "2+3.10.Zwettl,30.10-1.11.Wien,27+28.11.Wien,29+30.
[Date "2011.01.29"]
[Round "8"]
[Board "6"]
[White "Bachofner, Christian"]
[Black "Teuber, Andreas"]
[Result "0-1"]
[WhiteElo "2076"]
[BlackElo "2167"]
[PlyCount "54"]
[EventDate "2010.10.02"]
[EventType "team"]
[EventRounds "11"]
[EventCountry "AUT"]
[WhiteTeam "Blackburne Nickelsdorf"]
[BlackTeam "Niederabsdorf"]

1.e4 e5 2.Nf3 Nf6 3.Nc3 Nc6 4.Bb5 Nd4 5.Ba4 Bc5 6.d3 O-O 7.Nxd4 exd4 8.Ne2 d5
9.exd5 Qxd5 10.O-O Bd6 11.Bf4 Bxf4 12.Nxf4 Qe5 13.Qd2 a5 14.a3 Ra6 15.Rfe1 Qg5
16.Rad1 Qh4 17.g3 Qg5 18.Ng2 Qc5 19.Rc1 b5 20.Bb3 Bb7 21.Rf1 Ng4 22.f3 Ne5
23.Qf4 Rf6 24.Qh4 Nxf3+ 25.Rxf3 Bxf3 26.Re1 Bxg2 27.Kxg2 a4 0-1